Руководство к физиологии человека; Вып. 1: Общая физиология; Вып. 2: Частная физиология; Вып. 3

Dades bibliogràfiques
Autor principal: Вундт В. М. Вильгельм Максимилиан
Altres autors: Пинснер С. (переводчик)
Sumari:Раздельная погинация страниц
Текст в русской дореформенной орфографии
Idioma:rus
Publicat: Москва, Типография А. И. Мамонтова, 1867
TOC:Вып. 1: Общая физиология;
Вып. 2: Частная физиология;
Вып. 3;
Matèries:
Format: MixedMaterials Llibre
KOHA link:https://koha.lib.tpu.ru/cgi-bin/koha/opac-detail.pl?biblionumber=310925

MARC

LEADER 00000nam0a2200000 4500
001 310925
005 20231102002332.0
035 |a (RuTPU)RU\TPU\book\336278 
090 |a 310925 
100 |a 20151201d1867 m y0rusy50 ca 
101 1 |a rus  |c ger 
102 |a RU 
105 |a a j 001zy 
200 1 |a Руководство к физиологии человека  |f В. М. Вундт  |g пер. с нем. С. Пинснера 
210 |a Москва  |c Типография А. И. Мамонтова  |d 1867 
215 |a II, 205, III + 298, IV + 300, VII, IV с.  |c с 437-ю политипажами в тексте 
300 |a Раздельная погинация страниц 
300 |a Текст в русской дореформенной орфографии 
317 |5 63413507: М-132078  |a Поступила в НТБ в 1970 году в составе книжного собрания профессора ТПИ И. Н. Бутакова 
320 |a Jndex: с. I-VII. 
464 |t Вып. 1: Общая физиология 
464 |t Вып. 2: Частная физиология 
464 |t Вып. 3 
606 1 |a Физиология  |2 stltpush  |3 (RuTPU)RU\TPU\subj\63782  |9 80720 
610 1 |a организм человека 
610 1 |a клетка 
610 1 |a обмен веществ 
610 1 |a ткани тела 
610 1 |a ткани растений 
610 1 |a ткани животных 
610 1 |a питание 
610 1 |a пищеварение 
610 1 |a кровь 
610 1 |a кровообращение 
610 1 |a дыхание 
610 1 |a железы 
610 1 |a мышечные волокна 
610 1 |a нервные механизмы 
610 1 |a осязание 
610 1 |a чувствительность 
610 1 |a зрение 
610 1 |a слух 
610 1 |a вкус 
610 1 |a вкусовая чувствительность 
610 1 |a голос 
610 1 |a мозговая деятельность 
610 1 |a физиология воспроизведения 
610 1 |a физиология развития 
610 1 |a учебники 
610 1 |a библиотека И. Н. Бутакова 
675 |a 612(075)  |v 4 
700 1 |a Вундт  |b В. М.  |c немецкий психолог, физиолог, философ  |f 1832-1920  |g Вильгельм Максимилиан  |2 stltpush  |3 (RuTPU)RU\TPU\pers\1909  |9 739 
702 1 |a Пинснер  |b С.  |4 730 
801 1 |a RU  |b 63413507  |c 20151201 
801 2 |a RU  |b 63413507  |c 20190722  |g RCR 
942 |c BK